Statistiques concernant Sons Ateyaba

Cliquez ici pour prendre le quiz!

Statistiques générales

  • Ce quiz a été pris 38 fois
  • Le résultat moyen est 40 sur 87

Statistiques - réponses

Date de sortieSons% Correct
2014Majeur en l'air
89%
2012One
83%
2014Venus
83%
2014Casino
78%
2013Harajuku
78%
20152014 à l'infini
72%
2015Amidala
72%
2023Cookies
72%
2014On est sur les nerfs
72%
2023Pokéball
72%
2014Ateyaba
67%
2014Jen Selter
67%
2012Kyoto
67%
2014Menace
67%
2023Soler
67%
2013Intro
61%
2023Shenron
61%
2017Vision
61%
20144 pattes
56%
2023777
56%
2023Deep Web
56%
2012Journée
56%
2013Louis XIV
56%
2023Murakami
56%
2014New Jack City
56%
2023Auréole
50%
2013Django
50%
2021Final Fantasy
50%
2012Fin de journée
50%
2020LGBIRI
50%
2019MMM
50%
2014Pharaon
50%
2017Playa Part II
50%
2012Scorpion
50%
2013Tokyo Narita
50%
2014Black Card
44%
2017Caramelo
44%
2023Crazy Girls
44%
2015Delorean Music
44%
2014French Riviera
44%
2021$hopping
44%
2013Max B
44%
2014Miley
44%
2018Rock With You
44%
2012Scorpion Remix
44%
2021Sekhmet
44%
20124D
39%
2014Amistad
39%
2021Annie
39%
2015Billet de 1€
39%
2023Cookies Part II
39%
2012Cristal
39%
2014Menace interlude
39%
2012MTP Anthem
39%
2014Niamtougou
39%
2020PDRB
39%
2023StarTrak
39%
2023228
33%
2023ALC
33%
2014Anubis
33%
2020Av Président Kennedy
33%
2023Cartier
33%
2023Ghana
33%
2023Majestic
33%
2017Mendeleïev
33%
2020Moonwalk
33%
2020Naomi Freestyle
33%
2014Oyé Sapapaya
33%
2012Triumph
33%
2013501 Lunettes Cartier
28%
2023Angélique
28%
2013Aurore Boréale
28%
2012BBG
28%
2020Droptop
28%
2022Finesse
28%
2015Grisbis
28%
2013Jeune Prince
28%
2013PLM
28%
2021Purple Haze
28%
2021Solitaires
28%
2014Sphinx
28%
20133-4
22%
2023Ankh Nega
22%
2019Job
22%
2021Nice
22%
2022Tassaba
22%
20211 Man Gang
17%

Distribution des résultats

Percentile par nombre de réponses

% des personnes avec chaque résultat

Votre développement - résultats

Vous n’avez pas pris ce quiz